Statistiche per Elenca la formazione - Finale UEFA Europa League 2016-2017

Clicka qui per fare il quiz!

Statistiche generali

  • Questo quiz è stato fatto 2 volte
  • Il punteggio medio è 19 su 22

Statistiche sulle risposte

RuoloNazioneCalciatore% Corretto
CentrocampistaSpagnaAnder Herrera
100%
PortiereCamerunAndré Onana
100%
AttaccanteBurkina FasoBertrand Traoré
100%
DifensorePaesi BassiDaley Blind
100%
DifensoreColombiaDavinson Sánchez
100%
CentrocampistaMaroccoHakim Ziyech
100%
AlaArmeniaHenrix Mxit'aryan
100%
AlaSpagnaJuan Manuel Mata
100%
AttaccanteDanimarcaKasper Dolberg
100%
DifensoreEcuadorLuis Antonio Valencia
100%
AttaccanteInghilterraMarcus Rashford
100%
TrequartistaBelgioMarouane Fellaini
100%
DifensoreItaliaMatteo Darmian
100%
DifensorePaesi BassiMatthijs de Ligt
100%
CentrocampistaFranciaPaul Pogba
100%
PortiereArgentinaSergio Romero
100%
AttaccanteGermaniaAmin Younes
50%
DifensoreInghilterraChris Smalling
50%
CentrocampistaPaesi BassiDavy Klaassen
50%
DifensorePaesi BassiJoël Veltman
50%
CentrocampistaDanimarcaLasse Schöne
50%
DifensorePaesi BassiJairo Riedewald
0%

Distribuzione punteggi

Percentile per numero di risposta

Percentuale di utenti per punteggio

I tuoi punteggi nel tempo

Non hai fatto questo quiz